[Event "SLO-chT1 East"]
[Site "Slovenia"]
[Date "2018.11.09"]
[Round "7"]
[White "Bratkovic, Sham"]
[Black "Smon, Gregor"]
[Result "1-0"]
[WhiteElo "2207"]
[BlackElo "1984"]
[PlyCount "67"]
[EventDate "2018.09.28"]
[EventType "team-tourn"]
[EventRounds "9"]
[EventCountry "SLO"]
[SourceTitle "EXT 2021"]
[Source "ChessBase"]
[SourceDate "2020.10.23"]
[SourceVersion "1"]
[SourceVersionDate "2020.10.23"]
[SourceQuality "1"]

1. e4 e5 2. Nf3 Nc6 3. Bb5 a6 4. Ba4 Nf6 5. 0-0 Be7 6. Re1 b5 7. Bb3 d6 8. c3 0-0 9. d3 Na5 10. Bc2 c5 11. Nbd2 Re8 12. Nf1 Bf8 13. h3 h6 14. d4 Qc7 15. Ne3 g6 16. b3 Bb7 17. d5 Bc8 18. Nh2 Bg7 19. Neg4 h5 20. Nxf6+ Bxf6 21. g4 hxg4 22. Nxg4 Qe7 23. Nxf6+ Qxf6 24. Re3 Qh4 25. Rg3 Kg7 26. Bg5 Qh7 27. Qf3 Bd7 28. Bf6+ Kf8 29. Kg2 c4 30. b4 Nb7 31. Rh1 a5 32. Rg4 Bxg4 33. hxg4 Qg7 34. g5 1-0

[Event "SLO-chT1 East"]
[Site "Slovenia"]
[Date "2017.10.01"]
[Round "3"]
[White "Zupe, Miran"]
[Black "Smon, Gregor"]
[Result "1-0"]
[WhiteElo "2266"]
[BlackElo "2026"]
[PlyCount "73"]
[EventDate "2017.09.29"]
[EventType "team-tourn"]
[EventRounds "9"]
[EventCountry "SLO"]
[SourceTitle "EXT 2019"]
[Source "ChessBase"]
[SourceDate "2018.10.10"]
[SourceVersion "1"]
[SourceVersionDate "2018.10.10"]
[SourceQuality "1"]
[WhiteTeam "Maribor Branik"]
[BlackTeam "Slovenj Gradec"]
[WhiteTeamCountry "SLO"]
[BlackTeamCountry "SLO"]

1. e4 e5 2. Nf3 Nc6 3. Bb5 a6 4. Ba4 Nf6 5. Bxc6 dxc6 6. d3 Qd6 7. Nbd2 Nd7 8. a4 f6 9. b3 c5 10. Nc4 Qe6 11. Nh4 g6 12. h3 Bg7 13. 0-0 0-0 14. Bb2 Qe7 15. Nf3 Rd8 16. Ne3 b6 17. Nd5 Qd6 18. Nd2 c6 19. Nc4 Qf8 20. Nc7 Rb8 21. Ne6 Qe7 22. Nxd8 Qxd8 23. Nd6 Nf8 24. Nxc8 Rxc8 25. f4 Ne6 26. fxe5 fxe5 27. Qg4 Qe7 28. Rf2 Re8 29. g3 Bf6 30. Raf1 Rf8 31. Bc1 Kg7 32. Be3 a5 33. Kg2 h5 34. Qe2 Nd4 35. Qd2 g5 36. Rxf6 Rxf6 37. Bxg5 1-0

[Event "SLO-chT1 East"]
[Site "Slovenia"]
[Date "2017.09.29"]
[Round "1"]
[White "Smon, Gregor"]
[Black "Brilej, Jaka"]
[Result "0-1"]
[WhiteElo "2026"]
[BlackElo "2089"]
[PlyCount "58"]
[EventDate "2017.09.29"]
[EventType "team-tourn"]
[EventRounds "9"]
[EventCountry "SLO"]
[SourceTitle "EXT 2019"]
[Source "ChessBase"]
[SourceDate "2018.10.10"]
[SourceVersion "1"]
[SourceVersionDate "2018.10.10"]
[SourceQuality "1"]
[WhiteTeam "Slovenj Gradec"]
[BlackTeam "Celjski"]
[WhiteTeamCountry "SLO"]
[BlackTeamCountry "SLO"]

1. e4 c5 2. c3 Nf6 3. e5 Nd5 4. Nf3 Nc6 5. d4 cxd4 6. cxd4 d6 7. Bc4 e6 8. 0-0 Be7 9. Qe2 0-0 10. Qe4 Bd7 11. Bxd5 exd5 12. Qxd5 Nb4 13. Qc4 d5 14. Qe2 Bf5 15. Ne1 Nxa2 16. Be3 Qb6 17. f4 Rac8 18. Na3 Bxa3 19. Rxa2 Be7 20. Ra1 a6 21. h3 Rc6 22. g4 Be4 23. f5 Rfc8 24. Rd1 Bb4 25. Rf2 Bxe1 26. Qxe1 Rc2 27. Rxc2 Rxc2 28. Rc1 Rg2+ 29. Kf1 Qb5+ 0-1

[Event "SLO-chT1 East"]
[Site "Slovenia"]
[Date "2016.11.27"]
[Round "9"]
[White "Smon, Gregor"]
[Black "Mitrovic, Boris1111"]
[Result "1-0"]
[WhiteElo "2028"]
[BlackElo "2016"]
[PlyCount "57"]
[EventDate "2016.09.23"]
[EventType "team-tourn"]
[EventRounds "9"]
[EventCountry "SLO"]
[SourceTitle "EXT 2019"]
[Source "ChessBase"]
[SourceDate "2018.10.10"]
[SourceVersion "1"]
[SourceVersionDate "2018.10.10"]
[SourceQuality "1"]
[WhiteTeam "Slovenj Gradec"]
[BlackTeam "Fram"]
[WhiteTeamCountry "SLO"]
[BlackTeamCountry "SLO"]

1. e4 d5 2. exd5 Qxd5 3. Nc3 Qa5 4. d4 c6 5. Nf3 Bg4 6. h3 Bh5 7. Be2 Nd7 8. 0-0 Ngf6 9. Ne5 Bxe2 10. Qxe2 e6 11. Re1 Be7 12. Nxf7 0-0 13. Ng5 e5 14. dxe5 Nd5 15. Nxd5 Bxg5 16. Bxg5 Qxd5 17. e6 Nb6 18. e7 Rfe8 19. Bh4 Qd4 20. Qe6+ Kh8 21. Re4 Qxb2 22. Rd1 Nd5 23. c4 Nc7 24. Qf7 Qc2 25. Rde1 Qd2 26. R1e3 Qd7 27. Rg3 Qd1+ 28. Kh2 Qa1 29. Rxg7 1-0

[Event "SLO-chT1 East"]
[Site "Slovenia"]
[Date "2016.11.11"]
[Round "4"]
[White "Smon, Gregor"]
[Black "Peric, Bernard"]
[Result "0-1"]
[WhiteElo "2028"]
[BlackElo "2049"]
[PlyCount "140"]
[EventDate "2016.09.23"]
[EventType "team-tourn"]
[EventRounds "9"]
[EventCountry "SLO"]
[SourceTitle "EXT 2019"]
[Source "ChessBase"]
[SourceDate "2018.10.10"]
[SourceVersion "1"]
[SourceVersionDate "2018.10.10"]
[SourceQuality "1"]
[WhiteTeam "Slovenj Gradec"]
[BlackTeam "Zagorje ob Savi"]
[WhiteTeamCountry "SLO"]
[BlackTeamCountry "SLO"]

1. e4 c5 2. c3 d5 3. exd5 Qxd5 4. d4 Nf6 5. Nf3 Nc6 6. Be3 Bg4 7. c4 Qd6 8. d5 Ne5 9. Be2 Nxf3+ 10. Bxf3 Bd7 11. 0-0 g6 12. Re1 Bg7 13. Qc1 0-0 14. Bf4 Qb6 15. Rxe7 Nxd5 16. Bxd5 Bxb2 17. Qf1 Qf6 18. Rxd7 Qxf4 19. Nc3 Bxc3 20. Rd1 Bd4 21. Rxb7 Rab8 22. Rdb1 Rbd8 23. g3 Qf5 24. Qg2 Rd6 25. R7b3 Rf6 26. Rf1 Qc2 27. Rf3 Rxf3 28. Qxf3 Qxa2 29. Re1 Kg7 30. Re7 Bf6 31. Rb7 a5 32. Kg2 Qa1 33. Ra7 Qc3 34. Qf4 Qe1 35. Qf3 Qd2 36. Ra6 Qc3 37. Qf4 Be5 38. Qe4 h5 39. h4 f5 40. Ra7+ Kh6 41. Qf3 Qxf3+ 42. Kxf3 Bc3 43. Rc7 Rf6 44. Bg8 g5 45. hxg5+ Kxg5 46. Ra7 Rb6 47. Bd5 Rb2 48. Kg2 Bd4 49. Rxa5 Bxf2 50. Rb5 Rd2 51. Rb1 Bd4+ 52. Kh3 Rd3 53. Rf1 Be5 54. Rf3 Rd2 55. Re3 Kf6 56. Rf3 Re2 57. Ra3 h4 58. Ra6+ Ke7 59. Re6+ Kd7 60. Kxh4 Bxg3+ 61. Kxg3 Rxe6 62. Bxe6+ Kxe6 63. Kf4 Kf6 64. Kf3 Ke5 65. Ke3 f4+ 66. Kf3 Kd4 67. Kxf4 Kxc4 68. Ke3 Kc3 69. Ke2 Kc2 70. Ke3 c4 0-1

[Event "SLO-chT1 East"]
[Site "Sentjur"]
[Date "2013.10.18"]
[Round "2"]
[White "Smon, Gregor"]
[Black "Sorcnik, Franc"]
[Result "1-0"]
[WhiteElo "2012"]
[BlackElo "2052"]
[PlyCount "67"]
[EventDate "2013.10.17"]
[EventType "team-tourn"]
[EventRounds "9"]
[EventCountry "SLO"]
[SourceTitle "EXT 2015"]
[Source "ChessBase"]
[SourceDate "2014.11.20"]
[SourceVersion "1"]
[SourceVersionDate "2014.11.20"]
[SourceQuality "1"]

1. e4 c5 2. c3 d5 3. exd5 Qxd5 4. d4 Nf6 5. Nf3 Nc6 6. Be3 cxd4 7. cxd4 e6 8. Nc3 Qd8 9. Bb5 Bd7 10. 0-0 Bd6 11. d5 exd5 12. Nxd5 Ne5 13. Nxf6+ Qxf6 14. Bxd7+ Nxd7 15. Bg5 Qg6 16. Re1+ Kf8 17. Qd5 Nb6 18. Qxb7 h6 19. Be3 Rb8 20. Qxa7 Kg8 21. g3 Nc4 22. Bd4 Kh7 23. b3 Na3 24. Nh4 Qg4 25. h3 Qg5 26. Qa6 Bxg3 27. Qd3+ f5 28. fxg3 Rhd8 29. Nxf5 Qg6 30. Rad1 Rd5 31. Ne7 Qxd3 32. Rxd3 Nc2 33. Nxd5 Nxe1 34. Rd1 1-0

[Event "SLO-chT1 Ost"]
[Site "Maribor"]
[Date "2012.10.19"]
[Round "6"]
[White "Korze, Danilo"]
[Black "Smon, Gregor"]
[Result "0-1"]
[WhiteElo "2048"]
[BlackElo "1979"]
[PlyCount "76"]
[EventDate "2012.10.11"]
[EventType "team-tourn"]
[EventRounds "9"]
[EventCountry "SLO"]
[SourceTitle "EXT 2022"]
[Source "ChessBase"]
[SourceDate "2021.10.06"]
[SourceVersion "1"]
[SourceVersionDate "2021.10.06"]
[SourceQuality "1"]

1. c4 e5 2. Nc3 Nf6 3. g3 Nc6 4. Bg2 Bc5 5. e3 0-0 6. Nge2 d6 7. 0-0 Bf5 8. d4 exd4 9. exd4 Bb6 10. Bg5 h6 11. Be3 Ng4 12. Qd2 Nxe3 13. fxe3 Qd7 14. Nf4 Rab8 15. a3 Rfe8 16. Ncd5 Be4 17. b4 Bxg2 18. Kxg2 Ne7 19. Rf3 Nxd5 20. Nxd5 c6 21. Nxb6 axb6 22. Raf1 Re7 23. Qd3 Rbe8 24. Re1 d5 25. b5 Qe6 26. c5 bxc5 27. dxc5 Qe4 28. Rd1 Qxd3 29. Rxd3 Re4 30. Kf2 Rc4 31. Rf4 Rxc5 32. bxc6 bxc6 33. Rb3 Rc2+ 34. Kf3 Rxh2 35. Rb7 f6 36. Rg4 g5 37. Ra4 f5 38. Raa7 g4+ 0-1

[Event "SLO-chT2 Ost"]
[Site "Maribor"]
[Date "2009.09.05"]
[Round "5"]
[White "Smon, Gregor"]
[Black "Brdnik, Roman"]
[Result "1/2-1/2"]
[WhiteElo "1939"]
[BlackElo "1867"]
[PlyCount "52"]
[EventDate "2009.05.30"]
[EventType "team-tourn"]
[EventRounds "9"]
[EventCountry "SLO"]
[SourceTitle "EXT 2022"]
[Source "ChessBase"]
[SourceDate "2021.10.06"]
[SourceVersion "1"]
[SourceVersionDate "2021.10.06"]
[SourceQuality "1"]

1. e4 e6 2. d4 d5 3. Nd2 Nf6 4. Bd3 c5 5. e5 Nfd7 6. c3 Nc6 7. Ne2 Qb6 8. Nf3 cxd4 9. cxd4 Bb4+ 10. Bd2 Bxd2+ 11. Qxd2 Qb4 12. 0-0 Qxd2 13. Nxd2 Nb4 14. Bb1 Nb6 15. a3 Nc6 16. Bd3 Bd7 17. b4 a6 18. f4 g6 19. Nb3 Nc4 20. Nc5 b6 21. Nxd7 Kxd7 22. Bxc4 dxc4 23. Rfd1 Ne7 24. Nc3 Nd5 25. Nxd5 exd5 26. Kf2 b5 1/2-1/2